Statystyki dla Państwa, które produkują najwięcej przypraw

Kliknij tutaj aby rozwiązać quiz!

Ogólne statystyki

  • Ten quiz został rozwiązany 161 razy
  • Średni wynik to 9 z 20

Statystyki odpowiedzi

TonyPaństwo% Poprawnych
112,363Chiny
99%
1,939,000Indie
99%
110,387Indonezja
73%
199,018Turcja
68%
73,472Pakistan
61%
4,260Hiszpania
54%
180,993Bangladesz
52%
6,055Sri Lanka
46%
8,852Mjanma
45%
5,237Niger
39%
4,000Demokratyczna
Republika Konga
37%
6,603Nigeria
37%
23,227Kolumbia
34%
21,889Nepal
31%
36,754Etiopia
29%
5,820Bhutan
24%
5,249Syria
23%
4,440Gruzja
20%
7,111Węgry
7%
6,279Burkina Faso
1%

Rozkład punktacji

Percentyl według liczby udzielonych odpowiedzi

Procent ludzi z każdym wynikiem

Twoja historia wyników

Nie rozwiązałeś tego quizu